| 000 | 00712nam a2200217 a 4500 | ||
|---|---|---|---|
| 005 | 20210223130004.0 | ||
| 008 | 060802s1983 mx r 000 0 spa d | ||
| 020 | _a9684342721 | ||
| 035 | _aUPN01000145909 | ||
| 049 | _aCG | ||
| 050 | 4 |
_aLB1578.4 Z3 _bC7.3 |
|
| 100 | 1 |
_aCruz Pérez, Víctor de la, _d1948-2015 _941617 |
|
| 245 | 1 | 3 |
_aLa flor de la palabra = Guie' sti' didxazá : _bantología de la literatura zapoteca / _cVíctor de la Cruz. |
| 260 |
_aMéxico : _bPremia, _bSEP, Direccion General de Culturas Populares, _c1983. |
||
| 300 | _a148 p. | ||
| 440 | 3 | _aLa red de Jonás | |
| 440 | 0 | _aCultura popular | |
| 650 | 4 |
_aLITERATURA ZAPOTECA _94446 |
|
| 740 | 0 | _aGuie' sti' didxazá | |
| 905 | _aLibro | ||
| 999 |
_c118055 _d118055 |
||